[Event "TUR-chT Clubs"]
[Site "Konya"]
[Date "2019.07.20"]
[Round "8.21"]
[White "Turgut, Hakan"]
[Black "Gollu, Omer"]
[Result "1-0"]
[WhiteElo "1614"]
[BlackElo "1463"]
[PlyCount "59"]
[EventDate "2019.07.16"]
[EventType "team-swiss"]
[EventRounds "9"]
[EventCountry "TUR"]
[SourceTitle "CBM 191 Extra"]
[Source "ChessBase"]
[SourceDate "2019.09.30"]
[SourceVersion "1"]
[SourceVersionDate "2019.09.30"]
[SourceQuality "1"]
[WhiteTeam "Mugla Buyuksehir"]
[BlackTeam "Altin Cocuklar"]
[WhiteTeamCountry "TUR"]
[BlackTeamCountry "TUR"]

1. d4 Nf6 2. Nf3 g6 3. g3 Bg7 4. Bg2 d6 5. c4 Nbd7 6. Nc3 0-0 7. 0-0 c5 8. d5 Ng4 9. e4 Nge5 10. Nxe5 Nxe5 11. Qe2 f5 12. f4 Ng4 13. h3 Bd4+ 14. Kh1 Nf6 15. e5 Nh5 16. Kh2 a6 17. e6 b5 18. a4 Bxc3 19. bxc3 bxc4 20. a5 Bb7 21. Bd2 Qc7 22. Rfb1 Rfb8 23. Qxc4 Bc8 24. Qa4 c4 25. Qe8+ Kg7 26. Qf7+ Kh6 27. g4 Nxf4 28. Bxf4+ g5 29. h4 gxf4 30. g5# 1-0

[Event "TUR-chT Clubs"]
[Site "Konya"]
[Date "2019.07.19"]
[Round "6.19"]
[White "Gulenc, Ahmet Fazil"]
[Black "Gollu, Omer"]
[Result "0-1"]
[WhiteElo "1880"]
[BlackElo "1463"]
[PlyCount "116"]
[EventDate "2019.07.16"]
[EventType "team-swiss"]
[EventRounds "9"]
[EventCountry "TUR"]
[SourceTitle "CBM 191 Extra"]
[Source "ChessBase"]
[SourceDate "2019.09.30"]
[SourceVersion "1"]
[SourceVersionDate "2019.09.30"]
[SourceQuality "1"]
[WhiteTeam "Gambit Dernegi"]
[BlackTeam "Altin Cocuklar"]
[WhiteTeamCountry "TUR"]
[BlackTeamCountry "TUR"]

1. d4 Nf6 2. c4 e6 3. Nc3 Bb4 4. Bd2 c5 5. a3 cxd4 6. axb4 dxc3 7. Bxc3 0-0 8. e3 d5 9. c5 Ne4 10. Bd3 Nxc3 11. bxc3 Nc6 12. Ne2 Bd7 13. 0-0 Ne5 14. Bc2 Bb5 15. Re1 Bc4 16. Nd4 a6 17. f4 Ng6 18. Bd3 e5 19. Ne2 Qf6 20. Rf1 Rad8 21. Qc2 Rfe8 22. Rf2 exf4 23. exf4 Re3 24. Rd1 Rde8 25. g3 h5 26. Bxc4 dxc4 27. Rd6 Qe7 28. Nd4 Re1+ 29. Kg2 Qe3 30. Qd2 Qe4+ 31. Nf3 Re3 32. Rd4 Nxf4+ 33. gxf4 Qg6+ 34. Kf1 Qg4 35. Ne5 Qh3+ 36. Kg1 f6 37. Rd8 Rxd8 38. Qxd8+ Kh7 39. Nf3 Rxf3 40. Rxf3 Qxf3 41. Qd4 h4 42. Qxc4 h3 43. Qf1 Qxc3 44. Qb1+ Kh6 45. Qe4 f5 46. Qe6+ g6 47. Kf2 Qd2+ 48. Kf3 Qxh2 49. Qd6 Qg2+ 50. Ke3 h2 51. Qf8+ Kh5 52. Qg7 Qg3+ 53. Ke2 Qxf4 54. Qh7+ Kg5 55. Qe7+ Kg4 56. Qh7 Qe4+ 57. Kd2 h1Q 58. Qxg6+ Kf3 0-1

[Event "TUR-chT Clubs"]
[Site "Konya"]
[Date "2019.07.18"]
[Round "5.25"]
[White "Gollu, Omer"]
[Black "Ilik, Sevket"]
[Result "1-0"]
[WhiteElo "1463"]
[BlackElo "1358"]
[PlyCount "114"]
[EventDate "2019.07.16"]
[EventType "team-swiss"]
[EventRounds "9"]
[EventCountry "TUR"]
[SourceTitle "CBM 191 Extra"]
[Source "ChessBase"]
[SourceDate "2019.09.30"]
[SourceVersion "1"]
[SourceVersionDate "2019.09.30"]
[SourceQuality "1"]
[WhiteTeam "Altin Cocuklar"]
[BlackTeam "Siirt Genclik"]
[WhiteTeamCountry "TUR"]
[BlackTeamCountry "TUR"]

1. e4 e5 2. Nf3 Bd6 3. d4 Nc6 4. Bc4 h6 5. dxe5 Bxe5 6. Bxf7+ Kxf7 7. Qd5+ Kf6 8. Nxe5 Nxe5 9. f4 Nf7 10. b3 Ke7 11. Ba3+ d6 12. e5 Qd7 13. 0-0 Qe6 14. Qa5 b6 15. Qc3 c5 16. f5 Qd5 17. exd6+ Kd7 18. Kh1 Bb7 19. Qxg7 Nf6 20. Nc3 Qxg2+ 21. Qxg2 Bxg2+ 22. Kxg2 Nxd6 23. Rad1 Rad8 24. Nb5 Kc6 25. Nxd6 Rxd6 26. Rxd6+ Kxd6 27. Rd1+ Kc6 28. Kf3 Re8 29. Bb2 Nd5 30. c4 Nb4 31. Bg7 Nc2 32. f6 Re3+ 33. Kg2 Re5 34. Rd2 Rg5+ 35. Kf1 Nd4 36. Rg2 Ne6 37. f7 Rf5+ 38. Rf2 Rg5 39. Rf6 Kd7 40. f8Q Nxf8 41. Bxf8 h5 42. Bh6 Rg4 43. Rf7+ Kc6 44. Rxa7 h4 45. Rf7 Rg6 46. Bf4 b5 47. cxb5+ Kxb5 48. Kf2 h3 49. a4+ Kb4 50. Rb7+ Kc3 51. a5 Rg2+ 52. Kf3 Ra2 53. Be5+ Kd3 54. Rb5 Ra3 55. Rxc5 Rxb3 56. Rc3+ Rxc3 57. Bxc3 Kxc3 1-0